Một số công trình tâm lý học A. N. Lêôngchép

保存先:
書誌詳細
第一著者: Leonchiev, A. N.
フォーマット: 図書
言語:Undetermined
出版事項: Hà Nội Giáo dục 2003
主題:
タグ: タグ追加
タグなし, このレコードへの初めてのタグを付けませんか!
Thư viện lưu trữ: Trung tâm Học liệu Trường Đại học Cần Thơ
LEADER 00566nam a2200193Ia 4500
001 CTU_60694
008 210402s9999 xx 000 0 und d
020 |b 37400 
082 |a 150.1 
082 |b L582 
100 |a Leonchiev, A. N. 
245 0 |a Một số công trình tâm lý học A. N. Lêôngchép 
245 0 |c A. N. Leonchiev; Phạm Minh Hạc biên dịch 
260 |a Hà Nội 
260 |b Giáo dục 
260 |c 2003 
650 |a Psychology 
904 |i Minh, Năm 
980 |a Trung tâm Học liệu Trường Đại học Cần Thơ